000 01994cas a2200493 a 4500
001 11474172
003 OSt
005 20150508083457.0
008 940418c19929999enkar 0 a0eng d
010 _a 96660612
035 _a(OCoLC)ocm30207789
040 _aNcD-L
_cNcD-L
_dDLC
_dOCoLC
_dNLGGC
_dCaQQL
_dOCoLC
_dNNU-L
042 _alc
043 _ae-uk---
050 0 0 _aKD8329
_b.A812
082 0 0 _a345.05 ARC
_220
245 0 0 _aArchbold :
_bpleading, evidence, and practice in criminal cases.
246 3 0 _aPleading, evidence, and practice in criminal cases
246 3 0 _aCriminal pleading, evidence and practice
246 1 8 _aArchbold criminal pleading, evidence & practice
260 _aLondon :
_bSweet & Maxwell,
_c2006.
300 _acdxxv, 3070p. ;
_c25 cm.
310 _aAnnual
362 0 _a1992-
515 _aEach annual ed. consists of 2 vols. and an unnumbered vol.: Tables & index.
525 _aKept up-to-date by cumulative supplements and revised vols., and issues of: Archbold news (1991-200?), and: Archbold review (2010-).
580 _aThe 1st-43th eds. published as monographs.
590 _aSERBIB/SERLOC merged record
650 0 _aCriminal procedure
_zGreat Britain
_vPeriodicals.
_9797
650 0 _aEvidence, Criminal
_zGreat Britain
_vPeriodicals.
_9798
650 0 _aPleading (Criminal procedure)
_zGreat Britain
_vPeriodicals.
_9799
650 1 7 _aStrafprocesrecht.
_2gtt
_9197
650 1 7 _aBewijsrecht.
_2gtt
_9800
650 1 7 _aStrafrecht.
_2gtt
650 6 _aProcédure pénale
_zGrande-Bretagne
_vPériodiques.
_9801
650 6 _aPreuve (Droit pénal)
_zGrande-Bretagne
_vPériodiques.
_9802
650 6 _aPlaidoirie
_zGrande-Bretagne
_vPériodiques.
_9803
700 1 _aArchbold, John Frederick,
_d1785-1870.
_9804
770 1 _tArchbold news
_x0961-4249
_w(OCoLC)23441480
770 1 _tArchbold review
_w(DLC) 2010247015
_w(OCoLC)537556071
906 _a7
_bcbc
_cserials
_du
_encip
_f19
_gn-oclcserc
942 _2ddc
_cBK
999 _c271
_d271